Elektrické obvody : Príručka pro praxi a učebnice pro střední a vysoké školy

Salvato in:
Dettagli Bibliografici
Autore principale: Myslík, Jiří (Autore)
Natura: Libro
Lingua:ceco
Pubblicazione: Praha : BEN - technická literatura, 1998
Edizione:2.vyd.
Tags: Aggiungi Tag
Nessun Tag, puoi essere il primo ad aggiungerne!!

MARC

LEADER 00000nam a22000003a 4500
001 stu50409
005 20150617225657.8
008 990722s1998------------------------cze-d
020 |a 80-86056-19-8 
040 |a STU  |b slo 
041 0 |a cze 
080 |a 621.3.011.7 
100 1 |a Myslík, Jiří  |4 aut 
245 1 |a Elektrické obvody :  |b Príručka pro praxi a učebnice pro střední a vysoké školy 
250 |a 2.vyd. 
260 |a Praha :  |b BEN - technická literatura,  |c 1998 
300 |a 254 s 
996 |b 284J005279  |c J*98388  |l JJK14  |s P  |a 0  |w stu50409_0001 
996 |b 284EK90637  |c E* 90637  |l EE01  |s A  |a 24  |w stu50409_0004